000 00401 a2200121 4500
001 ART_7790
005 20260410161638.0
008 260409a
245 1 0 _aVicisitudes tributarias de las empresas unipersonales y sociedades de hecho (Primera parte)
100 1 _aLorenzo, Armando
700 1 _aCavalli, César M.
773 0 _tConsultor tributario
_g- Nº 10 (dic. 2007)
_wREV474
999 _c13038
_d13038